000 00347 a2200157 4500
001 68163
020 _a9788573076646
040 _cAnchieta - Pituba
100 _aImbernón, F.
240 1 0 _aA educação no século XXI
_lpor
245 1 0 _aA educação no século XXI
300 _a205
362 0 _a2000
650 4 _aEducação
942 _cBK
999 _c68163
_d68163